Dictionnaire du marketing et des affaires

Salvato in:
Dettagli Bibliografici
Autore principale: Van Dick, Rémi
Natura: Libro
Lingua:francese
Pubblicazione: Paris Eyrolles 1991
Edizione:1. éd.
Soggetti:
Tags: Aggiungi Tag
Nessun Tag, puoi essere il primo ad aggiungerne!!

MARC

LEADER 00000nam a2200000 4500
001 c001273
005 20221214102033.1
041 0 |a fre 
044 |a FR 
245 1 0 |a Dictionnaire du marketing et des affaires  |c Rémi Van Dick 
250 |a 1. éd. 
264 1 |a Paris  |b Eyrolles  |c 1991 
300 |a 201 s. 
610 2 0 |a terminológia 
610 2 0 |a marketing 
610 2 0 |a obchod 
610 2 0 |a distribúcia 
610 2 0 |a predaj 
610 2 0 |a vývoz 
610 2 0 |a logistika 
610 2 0 |a vzťahy medziľudské 
610 2 0 |a prieskum trhu 
610 2 0 |a mikroekonomika 
610 2 0 |a financie 
610 2 0 |a informatika 
610 2 0 |a štatistika 
610 2 0 |a manažment 
100 1 |a Van Dick, Rémi